Catálogo

ESTUDIOS INDOSTANICOS. (Registro nro. 23764)

Detalles MARC
000 -LEADER
fixed length control field 00408nam a2200157 a 4500
001 - CONTROL NUMBER
control field 23764
005 - DATE AND TIME OF LATEST TRANSACTION
control field 20180713221857.0
008 - FIXED-LENGTH DATA ELEMENTS--GENERAL INFORMATION
fixed length control field 140415s 000 0 spa d
041 ## - LANGUAGE CODE
Language code of text/sound track or separate title spa
082 ## - DEWEY DECIMAL CLASSIFICATION NUMBER
Classification number 294
Item number VAS
100 1# - MAIN ENTRY--PERSONAL NAME
Personal name Vasconcelos, José,
Dates associated with a name 1882-1959,.
245 10 - TITLE STATEMENT
Title ESTUDIOS INDOSTANICOS.
260 ## - PUBLICATION, DISTRIBUTION, ETC.
Place of publication, distribution, etc. [s.l.] :
Name of publisher, distributor, etc. SATURNINO CALLEJA,.
300 ## - PHYSICAL DESCRIPTION
Extent 445.
650 14 - SUBJECT ADDED ENTRY--TOPICAL TERM
Topical term or geographic name entry element RELIGION
General subdivision INDIA
Existencias
Withdrawn status Lost status Source of classification or shelving scheme Damaged status Not for loan Collection code Home library Current library Shelving location Date acquired Source of acquisition Inventory number Total Checkouts Full call number Barcode Date last seen Date last checked out Price effective from Koha item type
    Dewey Decimal Classification     General Biblioteca Karol Wojtyla Biblioteca Karol Wojtyla Sala general 03/12/2013 Compra 151000000000000000058583   294 VAS 44624 05/01/2026 28/05/2016 03/12/2013 Libro